MiceKings : (Record no. 9266)

MARC details
000 -LEADER
fixed length control field 00935nam a22002297a 4500
003 - CONTROL NUMBER IDENTIFIER
control field OSt
005 - DATE AND TIME OF LATEST TRANSACTION
control field 20260323050829.0
008 - FIXED-LENGTH DATA ELEMENTS--GENERAL INFORMATION
fixed length control field 260323b |||||||| |||| 00| 0 eng d
020 ## - INTERNATIONAL STANDARD BOOK NUMBER
International Standard Book Number 9781338159219
040 ## - CATALOGING SOURCE
Original cataloging agency DWCL GS lib
Transcribing agency OC
082 ## - DEWEY DECIMAL CLASSIFICATION NUMBER
Classification number F St857 2017
100 ## - MAIN ENTRY--PERSONAL NAME
Personal name Stilton, Geronimo
245 ## - TITLE STATEMENT
Title MiceKings :
Remainder of title The Helmet Holdup
Statement of responsibility, etc. Geronimo Stilton
260 ## - PUBLICATION, DISTRIBUTION, ETC.
Place of publication, distribution, etc. United States
Name of publisher, distributor, etc. Scholastic Inc.
Date of publication, distribution, etc. c2017.
300 ## - PHYSICAL DESCRIPTION
Extent vii, 106 pages
Other physical details illustrations
Dimensions 17cm.
520 ## - SUMMARY, ETC.
Summary, etc. n The Helmet Holdup (Micekings #6) by Geronimo Stilton, Geronimo Stiltonord and the Micekings travel to the rival Vilekings' village after a special helmet is stolen from Sven the Shouter. They must navigate dangerous dragons, forge an unlikely alliance with their rivals to survive, and recover the stolen artifact.
546 ## - LANGUAGE NOTE
Language note English
650 ## - SUBJECT ADDED ENTRY--TOPICAL TERM
Topical term or geographic name entry element Juvenile fiction
650 ## - SUBJECT ADDED ENTRY--TOPICAL TERM
Topical term or geographic name entry element action-adventure
650 ## - SUBJECT ADDED ENTRY--TOPICAL TERM
Topical term or geographic name entry element humor
942 ## - ADDED ENTRY ELEMENTS (KOHA)
Source of classification or shelving scheme Dewey Decimal Classification
Koha item type Fiction
Classification part Fic.
Suppress in OPAC No
952 ## - LOCATION AND ITEM INFORMATION (KOHA)
--
Holdings
Withdrawn status Lost status Source of classification or shelving scheme Damaged status Not for loan Home library Current library Shelving location Date acquired Source of acquisition Cost, normal purchase price Total Checkouts Full call number Barcode Date last seen Copy number Price effective from Koha item type Uniform Resource Identifier
    Dewey Decimal Classification     Grade School Library Grade School Library Fiction 02/18/2026 School Fund, Donation 199.00   F St857 2017 23983 03/23/2026 c1 03/23/2026 FIC.